Detalles MARC
| 000 -LEADER |
| fixed length control field |
03766nam a2200517Ii 4500 |
| 001 - CONTROL NUMBER |
| control field |
DIGUANDES215 |
| 003 - CONTROL NUMBER IDENTIFIER |
| control field |
NyNyDIG |
| 008 - FIXED-LENGTH DATA ELEMENTS--GENERAL INFORMATION |
| fixed length control field |
181204s2016 ck ab ob 000 0 spa d |
| 006 - FIXED-LENGTH DATA ELEMENTS--ADDITIONAL MATERIAL CHARACTERISTICS |
| fixed length control field |
m o d |
| 007 - PHYSICAL DESCRIPTION FIXED FIELD--GENERAL INFORMATION |
| fixed length control field |
cr ||||||||||| |
| 035 ## - SYSTEM CONTROL NUMBER |
| System control number |
(OCoLC)1078534255 |
| 040 ## - CATALOGING SOURCE |
| Original cataloging agency |
DGITA |
| Language of cataloging |
eng |
| Description conventions |
rda |
| -- |
pn |
| Transcribing agency |
DGITA |
| 020 ## - INTERNATIONAL STANDARD BOOK NUMBER |
| International Standard Book Number |
9789587742695 |
| Qualifying information |
(eBook ; |
| -- |
pdf) |
| 020 ## - INTERNATIONAL STANDARD BOOK NUMBER |
| International Standard Book Number |
9587742699 |
| Qualifying information |
(eBook ; |
| -- |
pdf) |
| 020 ## - INTERNATIONAL STANDARD BOOK NUMBER |
| Canceled/invalid ISBN |
9789587742688 |
| 020 ## - INTERNATIONAL STANDARD BOOK NUMBER |
| Canceled/invalid ISBN |
9587742680 |
| 043 ## - GEOGRAPHIC AREA CODE |
| Geographic area code |
cl----- |
| 050 14 - LIBRARY OF CONGRESS CALL NUMBER |
| Classification number |
HT388 ebook |
| 082 04 - DEWEY DECIMAL CLASSIFICATION NUMBER |
| Classification number |
338.9 |
| 245 04 - TITLE STATEMENT |
| Title |
Los dilemas territoriales del desarrollo en América Latina / |
| Statement of responsibility, etc. |
Félix Modrego Benito, Julio A. Berdegué (editores). |
| 250 ## - EDITION STATEMENT |
| Edition statement |
Primera edición. |
| 264 #1 - PRODUCTION, PUBLICATION, DISTRIBUTION, MANUFACTURE, AND COPYRIGHT NOTICE |
| Place of production, publication, distribution, manufacture |
Bogotá, D.C., Colombia : |
| Name of producer, publisher, distributor, manufacturer |
Ediciones Uniandes, |
| Date of production, publication, distribution, manufacture, or copyright notice |
[2016] |
| 300 ## - PHYSICAL DESCRIPTION |
| Extent |
1 online resource : |
| Other physical details |
illustrations (some color), color maps. |
| 336 ## - CONTENT TYPE |
| Content type term |
text |
| Content type code |
txt |
| Source |
rdacontent |
| 336 ## - CONTENT TYPE |
| Content type term |
still image |
| Content type code |
sti |
| Source |
rdacontent |
| 336 ## - CONTENT TYPE |
| Content type term |
cartographic image |
| Content type code |
cri |
| Source |
rdacontent |
| 337 ## - MEDIA TYPE |
| Media type term |
computer |
| Media type code |
c |
| Source |
rdamedia |
| 338 ## - CARRIER TYPE |
| Carrier type term |
online resource |
| Carrier type code |
cr |
| Source |
rdacarrier |
| 504 ## - BIBLIOGRAPHY, ETC. NOTE |
| Bibliography, etc. note |
Includes bibliographical references. |
| 505 0# - FORMATTED CONTENTS NOTE |
| Formatted contents note |
Distribución territorial del crecimiento, la pobreza y la desigualdad en América Latina / Julio A. Berdegué y Félix Modrego Benito -- Captando dinámicas de pobreza en el nivel subnacional : seguimiento de cambios por medio de la estimación de áreas pequeñas / Chris Elbers y Peter Lanjouw -- Dinámica del consumo, la pobreza y la desigualdad municipal en México (1990-2005) / Antonio Yúnez Naude, Jesús Arellano González y Jimena Méndez Navarro -- Dinámica territorial del consumo, la pobreza y la desigualdad en Guatemala (1998-2006) / Wilson Romero Alvarado y Pedro Samuel Zapil Ajxup -- Dinámicas de desigualdad en El Salvador : hogares y pobreza en cifras en el período 1992-2007 / Ninoska Damianović y Rodrigo Valenzuela Fernández -- Cambios en consumo, pobreza y equidad en Nicaragua (1998-2005) / Tomás Rodríguez, Ligia Gómez, Helle Munk Ravnborg y Karla Bayres -- Dinámicas provinciales de pobreza en Colombia (1993-2005) / Manuel Fernández, Carlos Hernández, Ana María Ibáñez y Christian Jaramillo -- Mapas de pobreza, consumo per capita y desigualdad social en Ecuador (1995-2006) / Carlos Larrea, Renato Landín, Ana Isabel Larrea, Wladymir Wrborich y Rosario Fraga -- Dinámicas provinciales de pobreza en el Perú (1993-2007) / Javier Escobal y Carmen Ponce -- La heterogeneidad territorial del desarrollo en la década de oro de la economía chilena / Félix Modrego, Eduardo Ramírez, Andrea Tartakowsky y Esteban Jara -- Contrastes territoriales de los indicadores de ingreso, pobreza monetaria y desigualdad en el Brasil de los años noventa / Arilson Favareto y Ricardo Abramovay. |
| 588 0# - SOURCE OF DESCRIPTION NOTE |
| Source of description note |
Online resource; title from PDF title page (Digitalia, viewed December 10, 2018) |
| 651 #0 - SUBJECT ADDED ENTRY--GEOGRAPHIC NAME |
| Geographic name |
Latin America |
| General subdivision |
Economic conditions |
| -- |
Regional disparities. |
| 650 #0 - SUBJECT ADDED ENTRY--TOPICAL TERM |
| Topical term or geographic name entry element |
Regional economics |
| Geographic subdivision |
Latin America. |
| 650 #0 - SUBJECT ADDED ENTRY--TOPICAL TERM |
| Topical term or geographic name entry element |
Economic impact analysis |
| Geographic subdivision |
Latin America. |
| 650 #0 - SUBJECT ADDED ENTRY--TOPICAL TERM |
| Topical term or geographic name entry element |
Income |
| Geographic subdivision |
Latin America |
| General subdivision |
Regional disparities. |
| 650 #0 - SUBJECT ADDED ENTRY--TOPICAL TERM |
| Topical term or geographic name entry element |
Wages |
| Geographic subdivision |
Latin America |
| General subdivision |
Regional disparities. |
| 655 #0 - INDEX TERM--GENRE/FORM |
| Genre/form data or focus term |
Electronic books. |
| 700 1# - ADDED ENTRY--PERSONAL NAME |
| Personal name |
Modrego Benito, Félix, |
| Relator term |
editor. |
| 700 1# - ADDED ENTRY--PERSONAL NAME |
| Personal name |
Berdegué, Julio, |
| Relator term |
editor. |
| 791 2# - |
| -- |
Digitalia (Firm), |
| -- |
distributor. |
| 793 0# - |
| -- |
Digitalia eBook Collection: |
| -- |
Universidad de los Andes |
| 776 08 - ADDITIONAL PHYSICAL FORM ENTRY |
| Relationship information |
Print version: |
| Title |
Dilemas territoriales del desarrollo en América Latina. |
| Place, publisher, and date of publication |
Bogotá, Colombia : Ediciones Uniandes, Universidad de los Andes, Facultad de Economía, 2016 |
| International Standard Book Number |
9789587742688 |
| Record control number |
(DLC) 2017417492 |
| -- |
(OCoLC)956318945 |
| 856 40 - ELECTRONIC LOCATION AND ACCESS |
| Materials specified |
Digitalia Hispánica |
| Uniform Resource Identifier |
<a href="https://www.digitaliapublishing.com/a/52209/">https://www.digitaliapublishing.com/a/52209/</a> |
| 910 ## - USER-OPTION DATA (OCLC) |
| User-option data |
Premium collection: 2018 |
| 942 ## - ADDED ENTRY ELEMENTS (KOHA) |
| Koha item type |
Recurso Electrónico |